00361nam a2200121Ia 4500008004100000100002200041245006100063245003700124260000900161300001200170650001300182856004400195170221s9999 xx 000 0 und d aO'Meara, Taleitha aCompulsory Annuitisation: A Policy Option for Australia? cTaleitha O'Meara and Aaron Bruhn c2012 a32 : 10 xBusiness uhttp://ro.uow.edu.au/aabfj/vol7/iss3/2/